00585nam a22001697a 450000500170000002000230001703500120004003700130005210000240006524500750008926000410016430000240020570000260022994200240025599900170027995201190029620120608113327.0 a8172744611c350.00 aB-79619 aDPLbENG aMainee, B.S.948712 aRailway steb. rules and labour laws /cby B.S. Mainee and Meenu Mainee aNew DelhibA Nabhi Publicationc2002 axix, 988p.c18 cms. aMainee, Meenu 948713 2ddccENh351.1mMAI c67699d67699 001040708NFICaZLSbZLSd2012-06-08g350.00l0o351.1 MAIpB-79619r2012-06-08 00:00:00v350.00w2012-06-08yEN